[Event "Alzira op"]
[Site "Alzira"]
[Date "2018.06.02"]
[Round "6.4"]
[White "Puig Perez, Jordi"]
[Black "Albuixec Soler, Sergi"]
[Result "1-0"]
[WhiteElo "1491"]
[BlackElo "1167"]
[PlyCount "39"]
[EventDate "2018.04.28"]
[EventType "swiss"]
[EventRounds "7"]
[EventCountry "ESP"]
[SourceTitle "EXT 2024"]
[Source "ChessBase"]
[SourceDate "2023.10.10"]
[SourceVersion "1"]
[SourceVersionDate "2023.10.10"]
[SourceQuality "1"]

1. e4 e5 2. Nf3 Nc6 3. Bc4 Bc5 4. c3 Nf6 5. d3 d6 6. 0-0 0-0 7. Re1 Bg4 8. Nbd2 Qd7 9. Bb3 Rad8 10. Nf1 Rfe8 11. Ng3 d5 12. h3 Bxf3 13. Qxf3 d4 14. Bg5 Qd6 15. Nf5 Qf8 16. Bxf6 gxf6 17. Qh5 Rd7 18. Nh6+ Kg7 19. Qg4+ Kh8 20. Qxd7 1-0

[Event "Alzira op"]
[Site "Alzira"]
[Date "2018.05.18"]
[Round "4.3"]
[White "Vercher Sansaloni, Juan Emilio"]
[Black "Albuixec Soler, Sergi"]
[Result "1-0"]
[WhiteElo "1956"]
[BlackElo "1167"]
[PlyCount "41"]
[EventDate "2018.04.28"]
[EventType "swiss"]
[EventRounds "7"]
[EventCountry "ESP"]
[SourceTitle "EXT 2024"]
[Source "ChessBase"]
[SourceDate "2023.10.10"]
[SourceVersion "1"]
[SourceVersionDate "2023.10.10"]
[SourceQuality "1"]

1. e4 e5 2. Nf3 Nc6 3. d4 exd4 4. Nxd4 Bc5 5. Nb3 Bb6 6. Qe2 d6 7. Be3 Nf6 8. Nc3 Be6 9. h3 Ne5 10. 0-0-0 Nc4 11. Bd4 Qe7 12. f4 Na5 13. Nxa5 Bxa5 14. Qb5+ c6 15. Qxa5 0-0 16. Qg5 Rfe8 17. Rd3 h6 18. Qh4 Nd7 19. Qxe7 Rxe7 20. f5 Bc4 21. Rg3 1-0

[Event "Xativa Social Club"]
[Site "Xativa"]
[Date "2017.05.27"]
[Round "5"]
[White "Albuixec Soler, Sergi"]
[Black "Benavent Montell, Andreu"]
[Result "0-1"]
[WhiteElo "1133"]
[BlackElo "1410"]
[PlyCount "56"]
[EventDate "2017.04.29"]
[EventType "swiss"]
[EventRounds "7"]
[EventCountry "ESP"]
[SourceTitle "EXT 2024"]
[Source "ChessBase"]
[SourceDate "2023.10.10"]
[SourceVersion "1"]
[SourceVersionDate "2023.10.10"]
[SourceQuality "1"]

1. e4 c5 2. Nc3 a6 3. Bc4 Nc6 4. Nf3 b6 5. Bd5 e6 6. Bxc6 dxc6 7. d3 Nf6 8. 0-0 Qc7 9. Re1 Be7 10. Bg5 h6 11. Bh4 0-0 12. e5 Nh5 13. Bxe7 Qxe7 14. Nd2 g6 15. Nce4 Bb7 16. Nf3 Rad8 17. Qd2 Kg7 18. g4 f5 19. exf6+ Nxf6 20. Nxf6 Rxf6 21. Qe3 Rdf8 22. Nh4 Rxf2 23. Qe5+ Kh7 24. Ng2 R8f6 25. Rac1 c4 26. g5 hxg5 27. Qxg5 c5 28. Nh4 Rf1+ 0-1